书目信息 |
| 题名: |
数据库原理
|
|
| 作者: | 丁宝康 主编 | |
| 分册: | ||
| 出版信息: | 北京 经济科学出版社 2000 |
|
| 页数: | 235页 | |
| 开本: | 26cm | |
| 丛书名: | ||
| 单 册: | ||
| 中图分类: | TP311.13 | |
| 科图分类: | 73.87221 | |
| 主题词: | 数据库系统--理论 | |
| 电子资源: | ||
| ISBN: | 7-5058-2063-X | |
| 000 | 00696nnam 2200229 45 | |
| 001 | 0196043254 | |
| 005 | 20070729100337.70 | |
| 010 | @a7-5058-2063-X@dCNY20.40 | |
| 100 | @a19960818d2000 y0chiy0121 ea | |
| 101 | 0 | @achi |
| 102 | @aCN@b110000 | |
| 105 | @ay z 000yy | |
| 200 | 10 | @a数据库原理@ASHU JU KU YUAN LI@e附数据库原理自学考试大纲@f丁宝康主编@Fding bao kang zhu bian |
| 210 | @a北京@c经济科学出版社@d2000 | |
| 215 | @a235页@d26cm | |
| 300 | @a全国高等教育自学考试指定教材 计算机及应用专业(独立本科段) | |
| 606 | @a数据库系统@x理论 | |
| 690 | @aTP311.13 | |
| 692 | @a73.87221 | |
| 701 | 0 | @a丁宝康@Ading bao kang@4主编 |
| 801 | 0 | @aCN@bTSSF@c20070729 |
| 905 | @a10447@dTP311.13@e450 | |
| 数据库原理:附数据库原理自学考试大纲/丁宝康主编.-北京:经济科学出版社,2000 |
| 235页;26cm |
| 全国高等教育自学考试指定教材 计算机及应用专业(独立本科段) |
| ISBN 7-5058-2063-X:CNY20.40 |
| ● |
| 相关链接 |
|
|
|
|
正题名:数据库原理
索取号:TP311.13/450
 
预约/预借
| 序号 | 登录号 | 条形码 | 馆藏地/架位号 | 状态 | 备注 |
| 1 | 0784645 | 207846456 | 第二样本阅览室/ [索取号:TP311.13/450] | 在馆 |